000 00746nam a2200217 a 4500
005 20151221051404.0
008 140312b1998 ||||| |||| 00| 0 spa d
040 _aCO-BoIAVH
_cCO-BoIAVH
041 0 _aspa
082 0 4 _a333.918
_bZ87h
245 1 0 _aZonas húmedas del mediterráneo
260 _as.l.
_bBirdlife International
_c1998?
300 _a19 páginas :
_bilustraciones, fotografías a color ;
_c30 x 21 cm.
650 6 _aHumedales
_zMediterráneo
650 4 _aZonas humedas
_zMediterráneo
650 4 _aAves
_xÁreas de conservación
_zMediterráneo
700 1 _aSalinas, Itxaso
_eTextos
700 1 _aSánchez Mármol, Lino
_eTextos
700 1 _aMejías, Rosa
_eTextos
942 _cLIBRO
_2ddc
999 _c3592
_d3592